| 000 | 01135nam a22003017a 4500 | ||
|---|---|---|---|
| 001 | BD-DhSAU 8665 | ||
| 003 | BD-DhSAU | ||
| 005 | 20181218101648.0 | ||
| 008 | 150613b2016 bg a|||| m||| 00| 0 eng d | ||
| 040 | _aBD-DhSAU | ||
| 082 |
_222 _a595.7 _bSe551 |
||
| 100 |
_a Sen , Sathi _4Registration No. #11-04557 |
||
| 245 |
_aDevelopment of an IPM approach in controlling Insect pests of Tomato / _c Sen , Sathi _bMs Thesis |
||
| 260 |
_aSher-e-Bangla Agricultural University : _bDepartment of Entomology, _c2016. |
||
| 300 |
_avii, 91 p. : _bill. ; _c30 cm. |
||
| 500 | _aMS thesis of Department of Entomology, Faculty of Agriculture, Sher-e-Bangla Agricultural University, Dhaka, Bangladesh | ||
| 504 | _aIncludes bibliographical references. | ||
| 590 | _aShofi | ||
| 650 | _aEntomology | ||
| 650 | _aDevelopment | ||
| 650 | _aIPM approach | ||
| 650 | _aInsect pest | ||
| 650 | _aTomato | ||
| 700 |
_aRahman , Md. Mizanur _eSuperviser |
||
| 700 |
_aHossain , Mohammed Sakhawat _eCo-superviser |
||
| 856 |
_uhttp://archive.saulibrary.edu.bd:8080/xmlui/handle/123456789/1582 _yOnline Access |
||
| 942 |
_2ddc _cTHESIS |
||
| 999 |
_c14254 _d14253 |
||